000 00534pab a2200181 454500
008 180718b2008 xxu||||| |||| 00| 0 eng d
100 _aBiradar, R.R.
245 _aGrowth of rural non-agricultural employment and poverty alleviation in India: what does emerging evidence indicate?
260 _c2008
300 _ap.274-301.
362 _aJul-Dec
650 _aPoverty - India
650 _aEmployment - India
650 _aEmployment
773 _aJournal of Social and Economic Development
908 _aN
909 _a79364
999 _c79364
_d79364